Children's Fiction Is for the Dogs Quiz Stats

 Plays Quiz Updated May 9, 2018

Challenge
Share
Tweet
Score 0/16 Timer 07:00
0 Plays Today
% Correct
Lady and the Tramp
93.2%
Clifford
90.8%
One Hundred and One Dalmatians
87.8%
Peanuts
87.3%
Bolt
82.4%
Up
76%
The Fox and the Hound
74.6%
Peter Pan
62%
% Correct
Where's Spot?
46.8%
All Dogs Go to Heaven
46.5%
Oliver & Company
42.5%
The Phantom Tollbooth
30.6%
Go, Dog. Go!
28.7%
The Poky Little Puppy
22.4%
Good Dog, Carl
5.9%
Henry Huggins
2.8%

You're not logged in!

Compare scores with friends on all Sporcle quizzes.
Join for Free
OR
Log In

You Might Also Like...

Show Comments

Extras

Top Quizzes Today


Score Distribution

Your Account Isn't Verified!

In order to create a playlist on Sporcle, you need to verify the email address you used during registration. Go to your Sporcle Settings to finish the process.

Report this User

Report this user for behavior that violates our Community Guidelines.

Details: